MARC

LEADER 00000nam0a2200000 4500
001 23961
005 20231030200015.0
010 |a 50900666655 
035 |a (RuTPU)RU\TPU\book\24186 
035 |a BOOK00001954 
090 |a 23961 
100 |a 20011209d1997 m y0rusy50 ca 
101 0 |a rus  |a spa 
102 |a RU 
105 |a y e 000zy 
200 1 |a Испанско-русский, русско-испанский словарь  |f В. А. Белоусова, Л. А. Ленская 
210 |a Москва  |c Просвещение  |d 1997 
215 |a 384 с. 
225 1 |a Espanol 
610 1 |a испанский язык 
610 1 |a словари 
610 1 |a параллельные словари 
610 1 |a лексика 
686 |a Ш147.21-48  |v LBC/SL-A  |2 rubbk 
700 1 |a Белоусова  |b В. А.  |g Валентина Алексеевна 
701 1 |a Ленская  |b Л. А.  |g Лия Анатольевна 
801 0 |a RU  |b 63413507  |c 20011209  |g PSBO 
801 2 |a RU  |b 63413507  |c 20081226  |g PSBO 
942 |c BK